Bidadari Yang Pernah Menjejak Bumi / (Record no. 203546)
[ view plain ]
| 000 -LEADER | |
|---|---|
| fixed length control field | 01064nam a2200289 i 4500 |
| 005 - DATE AND TIME OF LATEST TRANSACTION | |
| control field | 20260330121345.0 |
| 008 - FIXED-LENGTH DATA ELEMENTS--GENERAL INFORMATION | |
| fixed length control field | 260329s2025 my a gr 000 0 may d |
| 020 ## - INTERNATIONAL STANDARD BOOK NUMBER | |
| International Standard Book Number | 9786299948476 |
| Terms of availability | RM24.00 |
| Qualifying information | paperback |
| 040 ## - CATALOGING SOURCE | |
| Original cataloging agency | PPAK |
| Language of cataloging | eng |
| Transcribing agency | PPAK |
| Description conventions | rda |
| 082 04 - DEWEY DECIMAL CLASSIFICATION NUMBER | |
| Edition number | 23 |
| Classification number | 297.082 |
| 090 00 - LOCALLY ASSIGNED LC-TYPE CALL NUMBER (OCLC); LOCAL CALL NUMBER (RLIN) | |
| Classification number (OCLC) (R) ; Classification number, CALL (RLIN) (NR) | 297.082 |
| Feature heading | FAT |
| Feature heading | G |
| 100 0# - MAIN ENTRY--PERSONAL NAME | |
| Personal name | Fathyakan, |
| Relator term | author. |
| 245 10 - TITLE STATEMENT | |
| Title | Bidadari Yang Pernah Menjejak Bumi / |
| Statement of responsibility, etc. | Penulis: Fathyakan & Oramawaddah ; Penyunting: Oramawaddah |
| 264 #1 - PRODUCTION, PUBLICATION, DISTRIBUTION, MANUFACTURE, AND COPYRIGHT NOTICE | |
| Place of production, publication, distribution, manufacture | Seremban, Negeri Sembilan : |
| Name of producer, publisher, distributor, manufacturer | Thyora International Sdn. Bhd., |
| Date of production, publication, distribution, manufacture, or copyright notice | 2025 |
| 300 ## - PHYSICAL DESCRIPTION | |
| Extent | 217 pages : |
| Other physical details | colour ilustrations ; |
| Dimensions | 21 cm |
| 336 ## - CONTENT TYPE | |
| Content type term | text |
| Source | rdacontent |
| 337 ## - MEDIA TYPE | |
| Media type term | unmediated |
| Source | rdamedia |
| 338 ## - CARRIER TYPE | |
| Carrier type term | volume |
| Source | rdacarrier |
| 500 ## - GENERAL NOTE | |
| General note | Contains verses from the Qur'an and quotes from the Hadith. |
| 504 ## - BIBLIOGRAPHY, ETC. NOTE | |
| Bibliography, etc. note | Bibliography: page 217. |
| 650 10 - SUBJECT ADDED ENTRY--TOPICAL TERM | |
| Topical term or geographic name entry element | Women in Islam |
| Topical term or geographic name entry element | Women in the Hadith |
| Topical term or geographic name entry element | Muslim women |
| General subdivision | History |
| Topical term or geographic name entry element | Muslim women |
| General subdivision | Conduct of life |
| 700 0# - ADDED ENTRY--PERSONAL NAME | |
| Personal name | Oramawaddah, |
| Relator term | author |
| -- | editor. |
| 942 ## - ADDED ENTRY ELEMENTS (KOHA) | |
| Source of classification or shelving scheme | Dewey Decimal Classification |
| Koha item type | Book |
| Withdrawn | Not for loan | Current library | Shelving location | Date acquired | Total Checkouts | Full call number | Barcode | Date last seen | Koha item type |
|---|---|---|---|---|---|---|---|---|---|
| Perpustakaan Alor Setar | Pinjaman Dewasa | 09/04/2026 | 297.082 FAT | A01907038 | 09/04/2026 | Book | |||
| Perpustakaan Awam Sungai Petani | Pinjaman Dewasa | 09/04/2026 | 297.082 FAT | A01907039 | 09/04/2026 | Book | |||
| Perpustakaan Baling | Pinjaman Dewasa | 09/04/2026 | 297.082 FAT | A01907043 | 09/04/2026 | Book | |||
| Perpustakaan Bandar Baharu | Pinjaman Dewasa | 09/04/2026 | 297.082 FAT | A01907044 | 09/04/2026 | Book | |||
| Perpustakaan Jitra | Pinjaman Dewasa | 09/04/2026 | 297.082 FAT | A01907040 | 09/04/2026 | Book | |||
| Perpustakaan Kuala Nerang | Pinjaman Dewasa | 09/04/2026 | 297.082 FAT | A01907048 | 09/04/2026 | Book | |||
| Perpustakaan Kulim | Pinjaman Dewasa | 09/04/2026 | 297.082 FAT | A01907042 | 09/04/2026 | Book | |||
| Perpustakaan Langkawi | Pinjaman Dewasa | 09/04/2026 | 297.082 FAT | A01907041 | 09/04/2026 | Book | |||
| Perpustakaan Merbok | Pinjaman Dewasa | 09/04/2026 | 297.082 FAT | A01907045 | 09/04/2026 | Book | |||
| Perpustakaan Pendang | Pinjaman Dewasa | 09/04/2026 | 297.082 FAT | A01907049 | 09/04/2026 | Book | |||
| Perpustakaan Sik | Pinjaman Dewasa | 09/04/2026 | 297.082 FAT | A01907047 | 09/04/2026 | Book | |||
| Perpustakaan Yan | Pinjaman Dewasa | 09/04/2026 | 297.082 FAT | A01907046 | 09/04/2026 | Book | |||
| Bergerak 1, Alor Setar | Pinjaman Dewasa | 09/04/2026 | 297.082 FAT | A01907050 | 09/04/2026 | Book | |||
| Bergerak 3, Baling | Pinjaman Dewasa | 09/04/2026 | 297.082 FAT | A01907051 | 09/04/2026 | Book | |||
| Bergerak 4, Sungai Petani | Pinjaman Dewasa | 09/04/2026 | 297.082 FAT | A01907052 | 09/04/2026 | Book | |||
| Bergerak 5, Kulim | Pinjaman Dewasa | 09/04/2026 | 297.082 FAT | A01907053 | 09/04/2026 | Book |